|
|
|
|
| LEADER |
00996cam a2200253 7i4500 |
| 001 |
0000058754 |
| 005 |
20210413090000.0 |
| 020 |
|
|
|a 9781482236750 (electronic book)
|
| 090 |
0 |
0 |
|a R853.M3
|b N4 2019
|
| 100 |
1 |
|
|a Ng, Shu-Kay
|
| 245 |
1 |
0 |
|a Mixture modelling for medical and health sciences
|c Shu-Kay Ng, Liming Xiang, and Kelvin Kai Wing Yau.
|
| 264 |
|
|
|a Boca Raton:
|b CRC Press, Taylor & Francis Group,
|c 2019.
|
| 300 |
|
|
|a 1 online resource (xii, 302 pages):
|b illustrations, text file, PDF.
|
| 336 |
|
|
|a text
|2 rdacontent
|
| 337 |
|
|
|a computer
|2 rdamedia
|
| 338 |
|
|
|a online resource
|2 rdacarrier
|
| 650 |
0 |
0 |
|a Medical sciences --
|x Mathematics
|
| 650 |
0 |
0 |
|a Biometry
|
| 655 |
0 |
0 |
|a Electronic books
|
| 700 |
1 |
|
|a Xiang, Liming
|
| 700 |
1 |
|
|a Yau, Kelvin Kai Wing
|
| 856 |
4 |
2 |
|u http://library.unisel.edu.my/equip-unisel/custom/ebook_catalog/ebook/Mixturemodellingformedicalandhealthsciences.pdf
|
| 997 |
|
|
|a Health Sciences, Faculty
|
| 999 |
|
|
|a EBO0005211
|b EBOOK
|c EBOOK
|e Electronic resources
|